| 000 | 00450cam a22001337a 4500 | ||
|---|---|---|---|
| 008 | 180718b1966 xxu||||| |||| 00| 0 eng d | ||
| 082 | _aI549x73 M824 | ||
| 100 | _aRubin, Ronald I. | ||
| 245 |
_aObjectives of the U.S. information agency: controversies and analysis _cby Ronald I. Rubin |
||
| 260 |
_aNew York _bPraeger _c1966 |
||
| 300 | _a251p. | ||
| 650 | _aUnited States --Relations --Foreign countries | ||
| 650 | _aUnited States Information Agency | ||
| 999 |
_c353018 _d353018 |
||